Principles of Organic Medicinal Chemistry (Record no. 604)

MARC details
000 -LEADER
fixed length control field 00576nam a22002057a 4500
003 - CONTROL NUMBER IDENTIFIER
control field OSt
005 - DATE AND TIME OF LATEST TRANSACTION
control field 20181008191458.0
008 - FIXED-LENGTH DATA ELEMENTS--GENERAL INFORMATION
fixed length control field 141028b xxu||||| |||| 00| 0 eng d
020 ## - INTERNATIONAL STANDARD BOOK NUMBER
International Standard Book Number 8122415717
040 ## - CATALOGING SOURCE
Transcribing agency DNLM
082 ## - DEWEY DECIMAL CLASSIFICATION NUMBER
Classification number QV 772 N12p 2005
100 ## - MAIN ENTRY--PERSONAL NAME
Personal name Nadendla, Rama Rao
9 (RLIN) 1557
245 ## - TITLE STATEMENT
Title Principles of Organic Medicinal Chemistry
260 ## - PUBLICATION, DISTRIBUTION, ETC. (IMPRINT)
Place of publication, distribution, etc. New delhi :
Name of publisher, distributor, etc. New age international Limited, Publishers ;
Date of publication, distribution, etc. 2005.
300 ## - PHYSICAL DESCRIPTION
Extent 322 p :
504 ## - BIBLIOGRAPHY, ETC. NOTE
Bibliography, etc Includes references and index.
650 ## - SUBJECT ADDED ENTRY--TOPICAL TERM
Topical term or geographic name as entry element Medicinal chemistry
9 (RLIN) 1558
650 ## - SUBJECT ADDED ENTRY--TOPICAL TERM
Topical term or geographic name as entry element Herbs
9 (RLIN) 5126
942 ## - ADDED ENTRY ELEMENTS (KOHA)
Source of classification or shelving scheme Other/Generic Classification Scheme
Koha item type Short Loan
Holdings
Withdrawn status Lost status Source of classification or shelving scheme Damaged status Not for loan Home library Current library Date acquired Source of acquisition Inventory number Total Checkouts Full call number Barcode Date last seen Koha item type
    Other/Generic Classification Scheme     MUST Main Library MUST Main Library 28/10/2014   2013/37231   QV 772 N12p 2005 2014-3149 28/10/2014 Short Loan
    Other/Generic Classification Scheme     MUST Main Library MUST Main Library 28/10/2014   2013/37232   QV 772 N12p 2005 2014-3150 28/10/2014 Short Loan
    Other/Generic Classification Scheme     MUST Main Library MUST Main Library 01/06/2015   14/37230   QV 772 N12p 2005 2015-1704 01/06/2015 Open Shelf